House prices and demographic change. Canadian evidence.
Posudzovanie vzťahov medzi demografiou vyvolanými zmenami v dopyte po bytoch a skutočnými cenami bytov s použitím údajov za Kanadu v r. 1950-1989. Porovnanie s americkými údajmi. Použitie jednoduchých modelov časových radov týkajúcich sa cien bytov a demografických faktorov.
Uložené v:
| Hlavný autor: | |
|---|---|
| Ďalší autori: | |
| Médium: | Kapitola |
| Jazyk: | English |
| Predmet: | |
| Tagy: |
Žiadne tagy, Buďte prvý, kto otaguje tento záznam!
|
MARC
| LEADER | 00000naa a2200000 4500 | ||
|---|---|---|---|
| 001 | r008920 | ||
| 005 | 20221130103844.6 | ||
| 041 | 0 | |a eng | |
| 044 | |a NL | ||
| 245 | 1 | 0 | |a House prices and demographic change. Canadian evidence. |c G.V. Engelhardt, J.M. Poterba |
| 520 | |a Posudzovanie vzťahov medzi demografiou vyvolanými zmenami v dopyte po bytoch a skutočnými cenami bytov s použitím údajov za Kanadu v r. 1950-1989. Porovnanie s americkými údajmi. Použitie jednoduchých modelov časových radov týkajúcich sa cien bytov a demografických faktorov. | ||
| 610 | 2 | 0 | |a ceny |
| 610 | 2 | 0 | |a byty |
| 610 | 2 | 0 | |a demografia |
| 610 | 2 | 0 | |a Kanada |
| 610 | 2 | 0 | |a 1950-1989 |
| 610 | 2 | 0 | |a dopyt |
| 610 | 2 | 0 | |a porovnanie štatistické |
| 610 | 2 | 0 | |a USA |
| 610 | 2 | 0 | |a rady časové |
| 610 | 2 | 0 | |a modely matematické |
| 100 | 1 | |a Engelhardt, G.V. | |
| 700 | 1 | |a Poterba, J.M. | |